| 000 | 01097nam a2200253Ia 4500 | ||
|---|---|---|---|
| 001 | 270.8-BAS ce ne (18214) | ||
| 003 | IT-MiSPE | ||
| 008 | 171229s9999||||xx |||||||||||||| ||und|| | ||
| 040 |
_aIT-MiSPE _cIT-MiSPE |
||
| 041 | _aITALIANO | ||
| 100 |
_aBasilio di Cesarea (Basilio Magno) _gsanto |
||
| 240 | _aPros tous neous | ||
| 245 | 0 |
_aDiscorso ai giovani _bOratio ad adolescentes |
|
| 250 | _a2a ed. | ||
| 260 |
_aFirenze _bNardini _c1990 |
||
| 300 |
_a282 p. _c21 cm |
||
| 490 |
_aBiblioteca patristica _v3 |
||
| 501 | _aEdizioni San Paolo srl - Piazza Soncino, 5 - 20092 CINISELLO BALSAMO (MI) (non commercial uses only) ® Copyright 2018 | ||
| 520 | _aEd. bilingue | ||
| 700 |
_aMario Naldini _g(traduzione) |
||
| 942 | _cBK | ||
| 957 | _71 | ||
| 999 |
_a4605 _bNO _g Copie: 1 _c346373 _d346373 |
||